|
|
|
|
| LEADER |
00688nab a2200205 i 4500 |
| 001 |
acta17421 |
| 005 |
20240322151355.0 |
| 008 |
161015s1961 hu o 0|| hun d |
| 022 |
|
|
|a 0586-3686
|
| 040 |
|
|
|a SZTE Egyetemi Kiadványok Repozitórium
|b hun
|
| 041 |
|
|
|a hun
|
| 100 |
2 |
|
|a K. Tóth Ferenc
|
| 245 |
1 |
0 |
|a Igazság és pártosság
|h [elektronikus dokumentum] /
|c K. Tóth Ferenc
|
| 260 |
|
|
|c 1961
|
| 300 |
|
|
|a 91-99
|
| 490 |
0 |
|
|a A Szegedi Pedagógiai Főiskola évkönyve
|
| 650 |
|
4 |
|a Bölcsészettudományok
|
| 650 |
|
4 |
|a Filozófia, etika és vallástudományok
|
| 695 |
|
|
|a Filozófia
|
| 856 |
4 |
0 |
|u http://acta.bibl.u-szeged.hu/17421/1/tanarkepzo_1961_1_091-099.pdf
|z Dokumentum-elérés
|